La reforma monetaria de 1868 (Record no. 64587)

MARC details
000 -LEADER
campo de control de longitud fija 00486nam a2200157 i 4500
001 - NÚMERO DE CONTROL
campo de control 64587
003 - IDENTIFICADOR DE NÚMERO DE CONTROL
campo de control ES-MaACL
005 - FECHA Y HORA DE LA ÚLTIMA TRANSACCIÓN
campo de control 20230906165150.0
007 - CAMPO FIJO DE DESCRIPCIÓN FÍSICA--INFORMACIÓN GENERAL
campo de control de longitud fija t|
008 - DATOS DE LONGITUD FIJA--INFORMACIÓN GENERAL
campo de control de longitud fija 031230s1965 sp ||||1| spa d
100 1# - ENTRADA PRINCIPAL--NOMBRE DE PERSONA
Nombre de persona Fontecha y Sánchez, Ramón de.
9 (RLIN) 51636
245 13 - MENCIÓN DEL TÍTULO
Título La reforma monetaria de 1868
Resto del título : catálogo de moneda /
Mención de responsabilidad, etc. Ramón de Fontecha y Sánchez.
260 ## - PUBLICACIÓN, DISTRIBUCIÓN, ETC.
Lugar de publicación, distribución, etc. Madrid :
Nombre del editor, distribuidor, etc. [s.n.,
Fecha de publicación, distribución, etc. 1965] (
Fabricante Par. Gráf.)
300 ## - DESCRIPCIÓN FÍSICA
Extensión 108 p. ;
Dimensiones 24 cm.
852 ## - LOCALIZACIÓN
Ubicación ES-MaACL
Número de control de estantería C-27773
Sublocalización o colección R.56834
Holdings
Estatus retirado Estado de pérdida Estado de daño No para préstamo Biblioteca de origen Biblioteca actual Ubicación en estantería Fecha de adquisición Fuente de adquisición Total de préstamos Signatura topográfica completa Código de barras Visto por última vez Precio de reemplazo Tipo de ítem Koha
        Biblioteca del Ateneo de Madrid Biblioteca del Ateneo de Madrid Depósito 2 17/01/2008     C-27773 1067678 23/02/2023 23/02/2023 Libro impreso